000 00812nam a2200229 i 4500
001 171024
003 ES-MaACL
005 20230906214523.0
008 090422s1944 fr |||| | fre d
080 _a871-14"-00"
100 1 _aHoracio Flaco, Quinto.
_964182
245 1 0 _aOeuvres complètes /
_cHorace ; texte établi, traduit, préfacé et annoté par François Richard.
250 _aNouvelle éd. rev. et corr.
260 _aParis :
_bGarnier,
_c1944.
300 _a2 v. ;
_c19 cm.
490 1 _aClassiques Garnier
505 8 _aContiene: I. Odes et épodes ; II. Satires. Épîtres. Art poétique
700 1 _aRichard, François.
_9139903
830 0 _aClassiques Garnier
_9184859
852 4 _aES-MaACL
_jE-12592-93
_9R.140199
_z. - Biblioteca Jacinto Martínez Lacalle
999 _c171024
_d171024